Statistics for NBA dunk contest winners

Click here to take the quiz!

General Stats

  • This quiz has been taken 16 times
  • The average score is 17 of 38

Answer Stats

YearWinner% Correct
1987Michael Jordan
93%
1988Michael Jordan
93%
2016Zach Lavine
79%
2015Zach Lavine
79%
1985Dominique Wilkins
71%
1990Dominique Wilkins
71%
2017Glenn Robinson III
71%
2006Nate Robinson
71%
2010Nate Robinson
71%
2009Nate Robinson
71%
1986Spud Webb
71%
2008Dwight Howard
64%
1997Kobe Bryant
64%
1984Larry Nance
57%
2000Vince Carter
57%
2023Mac McClung
50%
2020Derrick Jones Jr.
43%
2004Fred Jones
43%
2003Jason Richardson
43%
2002Jason Richardson
43%
2022Obi Toppin
43%
2018Donovan Mitchell
36%
1989Kenny Walker
36%
2011Blake Griffin
29%
1991Dee Brown
29%
2007Gerald Green
29%
1995Harold Miner
29%
1993Harold Miner
29%
1996Brent Barry
21%
1992Cedric Ceballos
21%
2019Hamidou Diallo
21%
2014John Wall
21%
2005Josh Smith
21%
2021Anfernee Simons
14%
2012Jeremy Evans
14%
2013Terrence Ross
14%
2001Desmond Mason
7%
1994Isiah Rider
7%

Score Distribution

Percentile by Number Answered

Percent of People with Each Score

Your Score History

You have not taken this quiz